Catalog

Record Details

Catalog Search



Mastiffs : everthing about purchase, care, ... Read More

Available copies

  • 2 of 2 copies available at LARL/NWRL Consortium.
  • 2 of 2 copies available at Lake Agassiz Regional Library. (Show preferred library)

Current holds

0 current holds with 2 total copies.

Show Only Available Copies
Location Call Number / Copy Notes Barcode Shelving Location Status Due Date
Crookston Public Library 636.73 THO (Text) 33500009700261 Main Available -
Moorhead Public Library 636.73 THO (Text) 33500009700279 Main Available -

Record details

  • ISBN: 9780764107627 (pbk.)
  • ISBN: 0764107623 (pbk.)
  • Physical Description: 95 p. : ill. (some col.) ; 21 cm.
  • Publisher: Hauppauge, NY : Barron's Educational Series, c1999.

Content descriptions

Bibliography, etc. Note:
Includes bibliographical references and index.
Subject: Mastiff.
LDR 01157cam a2200289 a 4500
00135725
003LARL_NWRL_CONSORTIUM
00520080519103203.0
008981102s1999 nyua b 001 0 eng
020 . ‡a9780764107627 (pbk.)
020 . ‡a0764107623 (pbk.)
035 . ‡a(OCoLC)40444464
08200. ‡a636.73 ‡221
1001 . ‡aThornton, Kim Campbell. ‡0(LARL_NWRL_CONSORTIUM)121390
24510. ‡aMastiffs : ‡beverthing about purchase, care, nutrition, grooming, behavior, and training / ‡cKim Thornton ; illustrations by Pam Tanzey.
260 . ‡aHauppauge, NY : ‡bBarron's Educational Series, ‡cc1999.
300 . ‡a95 p. : ‡bill. (some col.) ; ‡c21 cm.
4900 . ‡aComplete pet owner's manual
504 . ‡aIncludes bibliographical references and index.
650 0. ‡aMastiff. ‡0(LARL_NWRL_CONSORTIUM)25256
901 . ‡a35725 ‡bOCLC ‡c35725 ‡tbiblio

Additional Resources